Biblioteca

Antropología cultural : Una perspectiva cristiana / Stephen A. Grunlan, Marvin K. Mayers (Registro nro. 37447)

Detalles MARC
000 -LÍDER
Campo fijo de descripción fija 005810000a22001930004500
020 ## - NÚMERO INTERNACIONAL NORMALIZADO PARA LIBROS
Número Internacional Normalizado del libro 0-8297-0343-8
041 0# - CÓDIGO DE IDIOMA
Código de idioma para texto/pista de sonido o título separado
082 04 - NÚMERO DE CLASIFICACIÓN DECIMAL DEWEY
Número de clasificación G 266 G8916a
001 - NÚMERO DE CONTROL
Campo de control 7228
100 1# - ASIENTO PRINCIPAL--NOMBRE PERSONAL
Nombre personal Grunlan, Stephen A.
245 10 - TÍTULO
Título del Material Antropología cultural : Una perspectiva cristiana / Stephen A. Grunlan, Marvin K. Mayers
260 ## - PUBLICACIÓN, DISTRIBUCIÓN, ETC. (PIE DE IMPRENTA)
Lugar de publicación, distribución, etc. Miami, FL., USA : Vida
300 ## - DESCRIPCIÓN FÍSICA
Extensión 320 Pag
336 ## - CONTENT TYPE
Content type term texto
Content type code txt
Source rdacontent
337 ## - MEDIA TYPE
Source rdamedia
Media type term sin mediación
Media type code n
338 ## - CARRIER TYPE
Source rdacarrier
Carrier type term volumen
Carrier type code nc
500 ## - NOTA GENERAL
Nota General Título original : Cultural anthropology : A christian perspective
942 ## - TIPO DE MATERIAL (KOHA)
Tipo de Item KOHA Libros General
Existencias
Estado de Material Estado de Perdido Estado de Dañado No para Préstamo Colección Tomo Biblioteca de Origen Biblioteca Permanente Fecha de Adquisición Total de Préstamos Total de Renovaciones Signatura Topográfica Código de Barras Última vez visto Última vez Préstado Ejemplar/Existencia Fecha de Remplazo Tipo de Material
        Colección General   Biblioteca FUSBC Biblioteca FUSBC 06/01/2005 1 2 G 266 G8916a 6024 03/05/2024 25/01/2024 2016-12-02 26/01/2016 Libros General
        Colección General   Biblioteca FUSBC Biblioteca FUSBC 06/01/2005 1 1 G 266 G8916a 6026 12/12/2019 26/09/2017 2016-12-02 26/01/2016 Libros General
        Colección General   Biblioteca FUSBC Biblioteca FUSBC 06/01/2005     G 266 G8916a 6025 12/12/2019   2016-12-02 26/01/2016 Libros General

Biblioteca FUSBC | Teléfono: (57+4) 349 88 10 Ext. 141| WhatsApp (+57) 3005338115 
E-mail: biblioteca@unisbc.edu.co | Calle 76 87-14 Robledo Palenque, Medellín, Colombia

Con tecnología Koha